000 00431nam a2200169Ia 4500
008 180921t2015 xxu||||| |||| 00| 0 sin d
041 _asin
080 _a294.3
_bSUB
100 _aSubodhi Himi, Kaluthara
245 _aසොවාන් වන මග
246 _aSowan Wana Maga
260 _bAother
_aKaluthra Dakuna
_c2015
300 _b38p, 22cm
942 _cBK
999 _c5466
_d5466
003 LK-CoDNM
040 _aLK-CoDNM
_dLK-CoDNM
_eLK-CoDNM